Πνεύμα και ελευθερία : δοκίμιον χριστιανικής φιλισοφίας

Αποθηκεύτηκε σε:
Λεπτομέρειες βιβλιογραφικής εγγραφής
Κύριος συγγραφέας: Berdiaev, Nikolai 1874-1948
Άλλοι συγγραφείς: Ειρηναίος Παπαμιχαήλ, Μητροπολίτης Σάμου και Ικαρίας, 1878-1963 (Μεταφραστής)
Μορφή: Βιβλίο
Γλώσσα:Greek
Δημοσίευση: Αθήναι : [χ.ό.], 1952
Θέματα:
Ετικέτες: Προσθήκη ετικέτας
Δεν υπάρχουν, Καταχωρήστε ετικέτα πρώτοι!

MARC

LEADER 00000cam a2200000 i 4500
001 1/79079
008 050621s1952 gre d
035 |l 10078667 
040 |a GR-MY-UA  |b gre  |e aacr 
041 0 |a gre 
082 0 |a 131  |2 (22) 
100 1 |a Berdiaev, Nikolai  |d 1874-1948. 
245 1 0 |a Πνεύμα και ελευθερία :  |b δοκίμιον χριστιανικής φιλισοφίας /  |c Νικολάου Μπερδιάγιεφ ; μεταφρασθέν εκ της γαλλικής υπό Μητροπολίτου Σάμου Ειρηναίου 
260 |a Αθήναι :   |b [χ.ό.],   |c 1952 
300 |a 366 σ.;  |c 23 εκ. 
500 |a Με: Περί προορισμού του ανθρώπου / Νικολάου Μπερδιάγιεφ 
504 |a Περιέχει βιβλιογραφίες 
650 0 0 |a Religion  |x Philosophy. 
650 0 0 |a Apologetics  |x History  |y 20th century. 
700 0 |4 trl  |a Ειρηναίος Παπαμιχαήλ,   |c Μητροπολίτης Σάμου και Ικαρίας,   |d 1878-1963. 
852 |a INST  |b RHODES  |c AKA  |e 20080909  |h  210 BER  |p 005400028472  |q 005400028472  |t BK  |y 0 
852 |a INST  |b RHODES  |c KRI  |e 20050621  |h  131 BER  |p 005400023238  |q 005400023238  |t BK  |y 0 
901 |a BIBL4-2005-2 
909 |a Ρ  |b 110689 
909 |a Ρ  |b 152893 
970 |a ΣΙΔΕΡΗ  |b ΝΕΚΤΑΡΙΑ  |z 2005/06/21